Europeans - Sudden Death - Statistics

General Stats
  • This quiz has been taken 1,053 times
    254 since last reset
  • The average score is 18 of 50
Answers on the Grid
Answers color-coded by a green-red scale on the quiz's grid according to % correct below.
Gustav Klimt
Margaret Thatcher
Pablo Escobar
Vangelis
Abel Tasman
Fidel Castro
Roger Federer
Jean Reno
Franz Kafka
Nadia Comăneci
Pericles
Jair Bolsonaro
Coco Chanel
Gisele Bündchen
Maria Sharapova
David Beckham
Alice Braga
Magnus Carlsen
Carlos Valderrama
Joan of Arc
Sean Connery
Jaromír Jágr
Octavio Paz
João Gilberto
Ludovico Einaudi
José Mujica
James Cook
Ronaldinho
Alexei Navalny
Frida Kahlo
Marie Curie
Salvador Allende
Canelo Álvarez
David Hume
Anderson Silva
Michael Fassbender
Benito Mussolini
Alexis Sánchez
Hugo Chávez
John Lennon
Ursula von der Leyen
Lionel Messi
Herman Melville
Claude Debussy
Nicki Minaj
Pelé
Frédéric Chopin
Simón Bolívar
Augusto Pinochet
Sophia Loren
Václav Havel
Stephen King
Twiggy
Sean Paul
Diego Rivera
Thalía
Valentino Rossi
Che Guevara
Vicente Fernández
Norman Foster
Túpac Amaru
Andrea Pirlo
Blaise Pascal
Eva Perón
Dante Alighieri
Evo Morales
Tony Blair
Rihanna
Wassily Kandinsky
Marcus Garvey
Roberto Durán
Alan Turing
Wyclef Jean
Emiliano Zapata
Pancho Villa
Richard Wagner
J Balvin
Diego Maradona
George Orwell
Adriana Lima
Viktor Orbán
Chico Mendes
Robert Lewandowski
Diego Forlán
Enya
Pope Francis
Frederick the Great
Shakira
Penélope Cruz
Józef Piłsudski
Bob Marley
Erwin Schrödinger
Guillermo del Toro
Pablo Neruda
Jacques Cousteau
Usain Bolt
Francis Bacon
Sofía Vergara
Ayrton Senna
Wladimir Klitschko
 
Answer Stats
Answer % Correct
Margaret Thatcher
75%
Roger Federer
64%
David Beckham
58%
Marie Curie
58%
Gustav Klimt
57%
Franz Kafka
55%
John Lennon
55%
Joan of Arc
54%
Coco Chanel
53%
Benito Mussolini
52%
Maria Sharapova
50%
Sean Connery
48%
Ursula von der Leyen
46%
Frédéric Chopin
42%
Magnus Carlsen
42%
Nadia Comăneci
42%
Tony Blair
39%
James Cook
38%
Viktor Orbán
38%
Claude Debussy
37%
Alexei Navalny
36%
George Orwell
36%
Richard Wagner
33%
Robert Lewandowski
32%
Dante Alighieri
31%
Frederick the Great
31%
Pericles
31%
Alan Turing
30%
Erwin Schrödinger
30%
Abel Tasman
29%
Valentino Rossi
29%
Wladimir Klitschko
29%
Michael Fassbender
28%
Sophia Loren
28%
Jacques Cousteau
26%
Jean Reno
26%
Wassily Kandinsky
26%
David Hume
25%
Józef Piłsudski
25%
Andrea Pirlo
24%
Francis Bacon
23%
Václav Havel
23%
Enya
22%
Ludovico Einaudi
22%
Twiggy
21%
Blaise Pascal
20%
Vangelis
20%
Jaromír Jágr
16%
Penélope Cruz
16%
Norman Foster
3%
No matching quizzes found
Score Distribution
Percent of People with Each Score
Percentile by Number Answered
Your Score History
You have not taken this quiz since the last reset